Programming with C++ (Record no. 8482)

MARC details
000 -LEADER
fixed length control field 00388nam a22001217a 4500
008 - FIXED-LENGTH DATA ELEMENTS--GENERAL INFORMATION
fixed length control field 200219b ||||| |||| 00| 0 eng d
020 ## - INTERNATIONAL STANDARD BOOK NUMBER
International Standard Book Number 9780070681897
082 ## -
Classification number 005.133 RAP
100 ## - MAIN ENTRY--PERSONAL NAME
Personal name RAVICHANDRAN, D
245 ## - TITLE STATEMENT
Title Programming with C++
Remainder of title With ANSI C++ Standards
Medium English
Number of part/section of a work 843 Pgs
Name of part/section of a work Dimensions: 47 x 8.1 x 61.7 cm
250 ## - EDITION STATEMENT
Edition statement 3rd
Remainder of edition statement July 2017
260 ## - PUBLICATION, DISTRIBUTION, ETC. (IMPRINT)
Place of publication, distribution, etc New Delhi
Name of publisher, distributor, etc McGraw Hill Education
Holdings
Withdrawn status Lost status Source of classification or shelving scheme Damaged status Koha normalized classification for sorting Not for loan Koha collection Location (home branch) Sublocation or collection (holding branch) Date acquired Source of acquisition Currency Cost, normal purchase price Bill Number Koha issues (times borrowed) Koha full call number Piece designation (barcode) Koha date last seen Copy number Actual Cost, discounted price Bill Date Koha item type
    Dewey Decimal Classification   005_133000000000000_RAP   B.Tech(CSE) PIET C-LIBRARY PIET C-LIBRARY 19/02/2020 KIRTI PRAKASHAN NEW DELHI IN Rupees 720.00 IN5960   005.133 RAP 31658 19/02/2020 1 489.60 03/01/2020 Reference Books

Design & Developed by: PIET Central Library
R70 Miles Stone Pattikalyana Samalkha Panipat 132102
mail ID :- [email protected], Phone No:- 0180-2569700 Ex.216